The ancient volcanoes of Great Britain / (Record no. 68689)

MARC details
000 -LEADER
campo de control de longitud fija 00558nam a22001695i 4500
001 - NÚMERO DE CONTROL
campo de control 68689
003 - IDENTIFICADOR DE NÚMERO DE CONTROL
campo de control ES-MaACL
007 - CAMPO FIJO DE DESCRIPCIÓN FÍSICA--INFORMACIÓN GENERAL
campo de control de longitud fija t|
008 - DATOS DE LONGITUD FIJA--INFORMACIÓN GENERAL
campo de control de longitud fija 960814s1897 xxkab ||||1| eng d
040 ## - FUENTE DE CATALOGACIÓN
Centro catalogador/agencia de origen CAM
Lengua de catalogación spa
Centro/agencia transcriptor CAM
100 1# - ENTRADA PRINCIPAL--NOMBRE DE PERSONA
Nombre de persona Geikie, Archibald
Títulos y otros términos asociados al nombre Sir.
9 (RLIN) 56220
245 14 - MENCIÓN DEL TÍTULO
Título The ancient volcanoes of Great Britain /
Mención de responsabilidad, etc. by Sir Archibald Geikie ...
260 ## - PUBLICACIÓN, DISTRIBUCIÓN, ETC.
Lugar de publicación, distribución, etc. London :
Nombre del editor, distribuidor, etc. Macmillan and Co.,
Fecha de publicación, distribución, etc. 1897 (
Lugar de fabricación/manufactura Edinburgh :
Fabricante printed by R. & R. Clark, limited)
300 ## - DESCRIPCIÓN FÍSICA
Extensión 2 v. :
Otras características físicas il. ;
Dimensiones 26 cm.
650 14 - PUNTO DE ACCESO ADICIONAL DE MATERIA--TÉRMINO DE MATERIA
Término de materia o nombre geográfico como elemento de entrada Volcanes-
Subdivisión geográfica Gran Bretaña.
9 (RLIN) 17847
852 ## - LOCALIZACIÓN
Ubicación ES-MaACL
Número de control de estantería G-6182-3
Holdings
Estatus retirado Estado de pérdida Estado de daño No para préstamo Colección Biblioteca de origen Biblioteca actual Ubicación en estantería Fecha de adquisición Fuente de adquisición Total de préstamos Signatura topográfica completa Código de barras Visto por última vez Precio de reemplazo Tipo de ítem Koha
        Libros del s. XIX Biblioteca del Ateneo de Madrid Biblioteca del Ateneo de Madrid Depósito 2 17/01/2008     G-6182-3 1071913 23/02/2023 23/02/2023 Libro impreso antiguo